MARC

LEADER 00000nab a2200000 a 4500
001 vtls000180356
003 SK-MaSNL
005 20260304072030.0
008 250423c1984 xo 0 slo
015 |a SNBRB19rr/mm-uuuuu 
035 |a CL0190469 
035 |a urn:nbn:sk:snk-abekot 
035 |a (urnnbn)urn:nbn:sk:snk:ar-00053n 
035 |a (uuid)a55aeb0d-3f5f-422d-81fb-f808b1c5e203 
040 |a SNKBUCL  |b slo  |c SNKBUCL  |e AACR2 
041 0 |a slo 
044 |a xo  |c SK 
080 |a 885.4-3  |2 1981 
100 1 |a Tužinský, Ján,  |d 1951-2022  |4 aut  |9 103658 
245 1 0 |a Pes  |c Ján Tužinský 
655 7 |a slovenské poviedky  |2 snkbucl  |9 70226 
655 7 |a články z novín a časopisov  |2 snkbucl  |9 267496 
655 7 |a články z odboru literárna veda a krásna literatúra  |2 snkbucl  |9 770045 
773 0 |t Slovenské pohľady  |g Roč. 100, č. 4 (1984), s. 36-47 
850 |a Slovenská národná knižnica 
852 |a Slovenská národná knižnica 
954 |a beletria pôvodná (slovenská)  |2 lita 
958 |a article27 
958 |a RK 
958 |a LX 
958 |a OND 
958 |a EUIPO 
992 |a RBX 
999 |c 2764039  |d 2765969